Los fundadores de Bogota (Registro nro. 36977)

Detalles MARC
000 -ENCABEZADO
Número de control [NR] 01893nam a2200265Ia 4500
005 - FECHA Y HORA DE LA ÚLTIMA TRANSACCIÓN
control field 20150824093853.0
008 - DE LONGITUD FIJA DE DATOS DE ELEMENTOS - INFORMACIÓN GENERAL
Elementos de longitud fija [NR] 130821s1923 ck fr 1 spa d
040 ## - FUENTE DE CATALOGACION [NR]
Agencia de catalogación original [NR] Co-BoUCM
Idioma de catalogación [NR] spa
Quien Cataloga Sandra Yazo
Quien Clasifica Sandra Yazo
041 0# - CODIGO DE IDIOMA [R]
Código de idioma para texto/pista de sonido o título separado [R] Español
082 04 - NUMERO DE CLASIFICACION DECIMAL DEWEY [R]
Número de clasificación [R] 986.14
Número de la edición [NR] 20
092 ## - SIGNATURA TOPOGRAFICA LOCAL
Número de clasificación local E19N102
100 1# - ASIENTO PRINCIPAL--NOMBRE PERSONAL [NR]
Nombre personal [NR] Rivas, Raimundo
Fechas asociadas con el nombre [NR] 1889-1946
ID Autoridad 70747
245 14 - MENCION DE TITULO [NR]
Título [NR] Los fundadores de Bogota
Parte restante del título [NR] (Diccionario biográfico) estudio presentado al segundo congreso de historia y geografía hispano-americanas, reunido en Sevilla en mayo de 1921
Mención de responsabilidad, etc. [NR] por Raimundo Rivas ...
260 ## - PUBLICACION, DISTRIBUCION, ETC. (PIE DE IMPRENTA) [R]
Lugar de publicación, distribución, etc. [R] Bogotá (Colombia)
Nombre del editor, distribuidor, etc. [R] Imprenta Nacional
Fecha de publicación, distribución, etc. [R] 1923
300 ## - DESCRIPCION FISICA [R]
Extensión [R] xiii, 442 páginas
Dimensiones [R] 24 x 17 cm.
490 #0 - MENCION DE SERIE [R]
Mención de serie [R] Biblioteca de Historia Nacional
Designación numérica/secuencial del volumen [NR] 31
500 ## - NOTA GENERAL [R]
Nota general [NR] Detalles físicos: Encuadernación rígida (holandesa con punteras) cartón forrado en papel. Lomo en tela con adornos en dorado. Guardas. Portada impresa a dos tintas con un grabado (Academia de historia). Texto impreso en una columna con márgenes amplios. Notas al pie de página. Papel manchado y de regular calidad. Cantos pintados. Portada con sellos de tinta. Ej.2 con encuadernación rígida (holandesa, sin punteras)
505 1# - NOTA DE CONTENIDO CON FORMATO PREESTABLECIDO [R]
Nota de contenido con formato preestablecido [NR] Prefacio del doctor Eduardo Posada ; Informe de la Comisión de la Academia Nacional de Historia Dedicatoria ; Advertencia ; Introducción ; Conquistadores erróneamente citados como compañeros de Quesada por los cronistas ; Compañeros de Quesada (Seguros) ; Compañeros de Quesada (probables) ; Otros conquistadores mencionados por los cronistas como soldados de Quesada Addenda et corrigenda
506 ## - NOTA DE RESTRICCIONES DE ACCESO [R]
Condiciones de acceso [NR] Consulta en sala
611 24 - ASIENTO SECUNDARIO DE MATERIA - NOMBRE DE LA REUNION [R]
Nombre de la reunión o nombre de la jurisdicción como elemento de entrada [NR] Congreso de Historia y Geografía Hispano-Americanas
Fecha de la reunión [NR] mayo de 1921
Lugar de la reunión [NR] Sevilla
9 (RLIN) 4824
650 #7 - ASIENTO SECUNDARIO DE MATERIA - TERMINO TEMATICO [R]
Término temático o nombre geográfico como elemento de entrada [NR] Conquistadores
Subdivisión geográfica [R] Bogotá (Colombia)
9 (RLIN) 11619
651 04 - ASIENTO SECUNDARIO DE MATERIA - NOMBRE GEOGRAFICO [R]
Nombre geográfico [NR] Bogotá (Colombia)
Subdivisión general [R] Historia
Subdivisión cronológica [R] 1499-1550
9 (RLIN) 70748
690 ## - ASUNTO AGREGADO LOCAL DE ENTRADA - TÉRMINO TEMÁTICO (OCLC, RLIN)
9 (RLIN) 42845
Acceso temático local Historia de Colombia
942 ## - ELEMENTOS DE ENTRADA AGREGADOS (KOHA)
Tipo de ítem principal el descrito en 300a Libro
Tema principal 21
Edición 1
Sistema de clasificación LOCAL
Clasificación E19N102
Existencias
Suprimido Perdido Sistema de clasificación Dañado No prestable Tipo de ítem específico Ubicación habitual Ubicación actual Localización Fecha de creación Forma de adquisición Costo Total préstamos Signatura topográfica Código de barras Última vez visto Ejemplar Price effective from Tipo de ítem
    LOCAL     Libro archivo Archivo Histórico Archivo Histórico Archivo histórico 28/02/2014 Donación 0.00   E19N102 L002918 15/12/2012 Ej.1 03/02/2013 Libro
    LOCAL     Libro archivo Archivo Histórico Archivo Histórico Archivo histórico 11/08/2015 Donación 0.00   E19N102 L005062 11/08/2015 Ej.2 11/08/2015 Libro